Economics is everywhere

The purpose of this book is to illustrate the wide range of daily activities to which an economic way of thinking can be applied. A very few of the roughly 400 vignettes are dated to indicate that they were inspired by spmething that came up on that particular day, but most arose from more general m...

Descripción completa

Guardado en:
Detalles Bibliográficos
Autor principal: Hamermesh, Daniel S.
Formato: Libro
Lenguaje:Undetermined
Publicado: Boston, Mass. McGraw-Hill 2006
Materias:
Etiquetas: Agregar Etiqueta
Sin Etiquetas, Sea el primero en etiquetar este registro!
Thư viện lưu trữ: Trung tâm Học liệu Trường Đại học Cần Thơ
LEADER 01080nam a2200205Ia 4500
001 CTU_166298
008 210402s9999 xx 000 0 und d
020 |c 23.44 
082 |a 338.5 
082 |b H214 
100 |a Hamermesh, Daniel S. 
245 0 |a Economics is everywhere 
245 0 |c Daniel S. Hamermesh 
260 |a Boston, Mass. 
260 |b McGraw-Hill 
260 |c 2006 
520 |a The purpose of this book is to illustrate the wide range of daily activities to which an economic way of thinking can be applied. A very few of the roughly 400 vignettes are dated to indicate that they were inspired by spmething that came up on that particular day, but most arose from more general musing. They are organized according to the topical arrangement of a typical introductory microeconomics cource. That way they can tie into what you are learning from any standard introductory textbook. 
650 |a Microeconomics,Economics,Kinh tế vi mô,Kinh tế học 
904 |i Bich Tram, Bạch Trúc 
980 |a Trung tâm Học liệu Trường Đại học Cần Thơ